Kabale University Library Catalogue

Normal view MARC view
  • Latin America

Entry Geographic Name

Number of records used in: 1

001 - CONTROL NUMBER

  • control field: 15131

003 - CONTROL NUMBER IDENTIFIER

  • control field: OSt

005 - DATE AND TIME OF LATEST TRANSACTION

  • control field: 20260204153202.0

008 - FIXED-LENGTH DATA ELEMENTS

  • fixed length control field: 260204|| aca||aabn | a|a d

040 ## - CATALOGING SOURCE

  • Original cataloging agency: OSt
  • Transcribing agency: OSt

151 ## - HEADING--GEOGRAPHIC NAME

  • Geographic name: Latin America
  • General subdivision: Economic policy
  • General subdivision: Congresses

670 ## - SOURCE DATA FOUND

  • Source citation: Work cat.: (OSt)5996: The consolidation of democracy in Latin America /, c1995.

Kabale University Library | Kabale University P.O Box 317, Kabale, Uganda
Tel : +256754017033, +256774661503 E-mail : library@kab.ac.ug